[Event "Yogyakarta Istimewa op"]
[Site "Yogyakarta"]
[Date "2016.08.21"]
[Round "7"]
[White "Hafiz, Arif Abdul"]
[Black "Sonjaya, Deni"]
[Result "1-0"]
[WhiteElo "2392"]
[BlackElo "2342"]
[PlyCount "111"]
[EventDate "2016.08.18"]
[EventType "swiss"]
[EventRounds "9"]
[EventCountry "INA"]
[SourceTitle "EXT 2018"]
[Source "ChessBase"]
[SourceDate "2017.10.13"]
[SourceVersion "1"]
[SourceVersionDate "2017.10.13"]
[SourceQuality "1"]

1. Nf3 c5 2. e4 e6 3. g3 Nc6 4. Bg2 Nf6 5. d3 d5 6. e5 Nd7 7. Qe2 Qc7 8. Bf4 Be7 9. h4 Qb6 10. c3 Nf8 11. 0-0 h6 12. Re1 Bd7 13. b3 0-0-0 14. c4 d4 15. g4 g5 16. hxg5 Ng6 17. Bg3 hxg5 18. Nbd2 Rdg8 19. Ne4 Qd8 20. Qd2 Nh4 21. a3 Nxf3+ 22. Bxf3 Qc7 23. Nd6+ Bxd6 24. exd6 Qb6 25. b4 f6 26. b5 Nd8 27. a4 e5 28. a5 Qxd6 29. a6 b6 30. Qe2 Ne6 31. Qe4 Kd8 32. Qa8+ Ke7 33. Qxa7 Rb8 34. Kg2 Nf4+ 35. Bxf4 gxf4 36. Rh1 f5 37. gxf5 Rbg8+ 38. Kf1 Rxh1+ 39. Bxh1 Kf6 40. Be4 f3 41. Qb7 Rh8 42. Bxf3 Bxf5 43. Ke2 e4 44. Bxe4 Bg4+ 45. Kf1 Bh3+ 46. Bg2 Bf5 47. Qc6 Bxd3+ 48. Kg1 Ke7 49. Qxd6+ Kxd6 50. a7 Bxc4 51. a8Q Rxa8 52. Rxa8 Bxb5 53. Rb8 Bd7 54. Rxb6+ Ke5 55. Rb7 Ba4 56. f4+ 1-0

[Event "Jakarta Indonesia op 3rd"]
[Site "Jakarta"]
[Date "2013.10.17"]
[Round "11"]
[White "Sonjaya, Deni"]
[Black "Torre, Eugenio"]
[Result "1/2-1/2"]
[WhiteElo "2265"]
[BlackElo "2462"]
[PlyCount "61"]
[EventDate "2013.10.10"]
[EventType "swiss"]
[EventRounds "11"]
[EventCountry "INA"]
[SourceTitle "EXT 2014"]
[Source "ChessBase"]
[SourceDate "2013.11.20"]
[SourceVersion "1"]
[SourceVersionDate "2013.11.20"]
[SourceQuality "1"]

1. d4 Nf6 2. Nf3 e6 3. Bf4 c5 4. e3 b6 5. h3 Bb7 6. Be2 d5 7. 0-0 Bd6 8. Bxd6 Qxd6 9. Nbd2 Nbd7 10. c3 0-0 11. a4 a6 12. Qb1 e5 13. dxe5 Nxe5 14. Qf5 Rfe8 15. Rfd1 Qc7 16. Nxe5 Qxe5 17. Qxe5 Rxe5 18. Nf3 Re7 19. Nh2 Kf8 20. Bf3 Rd8 21. Nf1 Red7 22. Ng3 g6 23. Kf1 Ke7 24. Ke1 Ne8 25. Ne2 Ng7 26. a5 b5 27. Rd2 Ne6 28. g3 f5 29. h4 Rd6 30. Nf4 Nxf4 31. gxf4 1/2-1/2

[Event "Jakarta Indonesia op 3rd"]
[Site "Jakarta"]
[Date "2013.10.15"]
[Round "8"]
[White "Pham, Le Thao Nguyen"]
[Black "Sonjaya, Deni"]
[Result "0-1"]
[WhiteElo "2389"]
[BlackElo "2265"]
[PlyCount "102"]
[EventDate "2013.10.10"]
[EventType "swiss"]
[EventRounds "11"]
[EventCountry "INA"]
[SourceTitle "CBM 156 Extra"]
[Source "ChessBase"]
[SourceDate "2013.10.22"]
[SourceVersion "1"]
[SourceVersionDate "2013.10.22"]
[SourceQuality "1"]

1. d4 d6 2. Nf3 g6 3. Bf4 Bg7 4. e3 Nf6 5. h3 0-0 6. Be2 c5 7. c3 b6 8. 0-0 Bb7 9. Nbd2 Nc6 10. Bh2 Re8 11. Re1 Qd7 12. Bf1 Rad8 13. a4 Qc8 14. Qb3 h6 15. Qa2 d5 16. Rac1 Nd7 17. b4 e5 18. dxc5 bxc5 19. b5 Na5 20. Nb3 Nxb3 21. Qxb3 e4 22. Nd2 c4 23. Qc2 Nc5 24. Ra1 Qd7 25. Red1 Qe7 26. Nb1 Nd3 27. Ra2 Rc8 28. Qd2 Qf6 29. Qe2 h5 30. Rc2 Bf8 31. Nd2 Qb6 32. Ra1 a6 33. bxa6 Bxa6 34. a5 Qc5 35. Qd1 Re7 36. Bg3 Rb7 37. Bh4 Bg7 38. Raa2 Ra8 39. g4 hxg4 40. Qxg4 Rba7 41. Qg5 Bb5 42. Bg3 Bc6 43. Bxd3 exd3 44. Rc1 Rxa5 45. Rxa5 Qxa5 46. Be5 d4 47. exd4 Qd5 48. Kh2 Bh6 49. Qg3 Bxd2 50. Rg1 Bh6 51. h4 Qf3 0-1

[Event "Asian Continental op 11th"]
[Site "Ho Chi Minh City"]
[Date "2012.05.11"]
[Round "7"]
[White "Nguyen, Huynh Minh Huy"]
[Black "Sonjaya, Deni"]
[Result "1-0"]
[WhiteElo "2442"]
[BlackElo "2321"]
[PlyCount "73"]
[EventDate "2012.05.05"]
[EventType "swiss"]
[EventRounds "9"]
[EventCountry "VIE"]
[SourceTitle "CBM 148 Extra"]
[Source "ChessBase"]
[SourceDate "2012.06.22"]
[SourceVersion "1"]
[SourceVersionDate "2012.06.22"]
[SourceQuality "1"]

1. d4 f5 2. Nf3 Nf6 3. g3 g6 4. Bg2 Bg7 5. 0-0 0-0 6. b3 d6 7. Bb2 Qe8 8. c4 h6 9. Nbd2 g5 10. Qc2 Na6 11. Bc3 c6 12. e4 fxe4 13. Nxe4 Qh5 14. Nxf6+ Rxf6 15. Ne1 Bf5 16. Nd3 Raf8 17. Rae1 R6f7 18. Re3 Nc7 19. Qd2 Bh3 20. Rfe1 Bxg2 21. Kxg2 Bf6 22. f3 g4 23. fxg4 Qxg4 24. Re4 Qh5 25. Nf4 Qf5 26. Qe2 d5 27. Re3 Bg5 28. Re5 Qd7 29. Nd3 Rf3 30. Bd2 dxc4 31. bxc4 Qxd4 32. Nf4 Ra3 33. Bc1 Ra4 34. Qc2 Rxc4 35. Qg6+ Kh8 36. Rxe7 Bxe7 37. Rxe7 1-0

[Event "Asian Continental op 11th"]
[Site "Ho Chi Minh City"]
[Date "2012.05.07"]
[Round "3"]
[White "Sonjaya, Deni"]
[Black "Tan, Weiliang"]
[Result "0-1"]
[WhiteElo "2321"]
[BlackElo "2222"]
[PlyCount "96"]
[EventDate "2012.05.05"]
[EventType "swiss"]
[EventRounds "9"]
[EventCountry "VIE"]
[SourceTitle "CBM 148 Extra"]
[Source "ChessBase"]
[SourceDate "2012.06.22"]
[SourceVersion "1"]
[SourceVersionDate "2012.06.22"]
[SourceQuality "1"]

1. e4 c5 2. Nc3 a6 3. a4 Nc6 4. f4 e6 5. g3 d5 6. Bg2 d4 7. Nb1 d3 8. c3 c4 9. b4 cxb3 10. Qxb3 Bc5 11. Ba3 Ba7 12. Nh3 Nge7 13. Nf2 Na5 14. Qb4 Nec6 15. Qd6 Bxf2+ 16. Kxf2 Qxd6 17. Bxd6 Nc4 18. Bc5 b6 19. Be3 Bb7 20. Na3 N6a5 21. Nxc4 Nxc4 22. Rhb1 a5 23. Ra2 Bc6 24. Bd4 0-0 25. e5 Rac8 26. Bxc6 Rxc6 27. Kf3 f5 28. exf6 gxf6 29. Ke4 e5 30. Bf2 Rd6 31. f5 h5 32. Kf3 Rc6 33. h3 Kf7 34. Rb5 Rd8 35. Rb1 Rb8 36. Ke4 Rd8 37. Re1 Rcd6 38. Kf3 Rc6 39. Rh1 Nd6 40. g4 Rh8 41. Rb1 hxg4+ 42. hxg4 Rc4 43. Bg3 Ne4 44. Rg1 Ng5+ 45. Kg2 Rxg4 46. Rb2 Rh3 47. Kf2 Ne4+ 48. Kf3 Rf4+ 0-1

[Event "Jakarta Indonesia op 1st"]
[Site "Jakarta"]
[Date "2011.10.17"]
[Round "6"]
[White "Sonjaya, Deni"]
[Black "Bitoon, Richard"]
[Result "0-1"]
[WhiteElo "2313"]
[BlackElo "2504"]
[PlyCount "44"]
[EventDate "2011.10.13"]
[EventType "swiss"]
[EventRounds "9"]
[EventCountry "INA"]
[SourceTitle "EXT 2012"]
[Source "ChessBase"]
[SourceDate "2011.11.24"]
[SourceVersion "1"]
[SourceVersionDate "2011.11.24"]
[SourceQuality "1"]

1. e4 d5 2. exd5 Qxd5 3. Nc3 Qd6 4. d4 Nf6 5. Nf3 g6 6. Be2 Nc6 7. a3 e6 8. Bg5 Be7 9. Qd2 b5 10. Bxf6 Bxf6 11. Ne4 Qd8 12. Nxf6+ Qxf6 13. Bd3 Bb7 14. Be4 0-0-0 15. c3 e5 16. Bxc6 Qxc6 17. Nxe5 Rhe8 18. Qe2 Qxg2 19. 0-0-0 Qg5+ 20. f4 Qxf4+ 21. Kb1 Qf5+ 22. Ka1 f6 0-1

[Event "Jakarta Indonesia op 1st"]
[Site "Jakarta"]
[Date "2011.10.16"]
[Round "5"]
[White "Dimakiling, Oliver"]
[Black "Sonjaya, Deni"]
[Result "0-1"]
[WhiteElo "2414"]
[BlackElo "2313"]
[PlyCount "102"]
[EventDate "2011.10.13"]
[EventType "swiss"]
[EventRounds "9"]
[EventCountry "INA"]
[SourceTitle "EXT 2012"]
[Source "ChessBase"]
[SourceDate "2011.11.24"]
[SourceVersion "1"]
[SourceVersionDate "2011.11.24"]
[SourceQuality "1"]

1. Nf3 d6 2. d4 Nf6 3. g3 g6 4. Bg2 Bg7 5. 0-0 0-0 6. Re1 Nc6 7. e4 Bg4 8. h3 Bxf3 9. Bxf3 e5 10. c3 exd4 11. cxd4 Nd7 12. d5 Nd4 13. Bg2 c5 14. dxc6 bxc6 15. Nc3 Rb8 16. Be3 c5 17. Rb1 Re8 18. f4 Qa5 19. Bf2 Nf8 20. Qd3 Nfe6 21. Red1 Kh8 22. Kh2 Nc7 23. Qc4 Nce6 24. a3 Re7 25. b4 Qxa3 26. bxc5 Rxb1 27. Rxb1 dxc5 28. Rb8+ Nf8 29. e5 g5 30. f5 Bxe5 31. f6 Bxf6 32. Rxf8+ Kg7 33. Rd8 Qb2 34. Bxd4 cxd4 35. Rxd4 Be5 36. Rd3 h5 37. Nd5 Re6 38. Rb3 Qa2 39. Nb4 Qd2 40. Nc6 Bf6 41. Rb7 h4 42. Rb3 Re2 43. Qxe2 Qxe2 44. gxh4 gxh4 45. Rb1 a5 46. Kh1 a4 47. Rg1 Kf8 48. Rf1 Qb2 49. Na5 Qc3 50. Nb7 a3 51. Nd6 a2 0-1

[Event "Kuala Lumpur op 2nd"]
[Site "Kuala Lumpur"]
[Date "2005.08.23"]
[Round "7"]
[White "Gonzales, Jayson"]
[Black "Sonjaya, Deni"]
[Result "1-0"]
[WhiteElo "2477"]
[BlackElo "2178"]
[PlyCount "105"]
[EventDate "2005.08.20"]
[EventType "swiss"]
[EventRounds "11"]
[EventCountry "MAS"]
[SourceTitle "CBM 108 Extra"]
[Source "ChessBase"]
[SourceDate "2005.11.04"]
[SourceVersion "1"]
[SourceVersionDate "2005.11.04"]
[SourceQuality "1"]

1. Nf3 Nf6 2. g3 g6 3. b3 Bg7 4. Bb2 d6 5. d4 Ne4 6. Nbd2 f5 7. Nxe4 fxe4 8. Ng5 d5 9. f3 c5 10. fxe4 e5 11. Nf3 exd4 12. exd5 Qxd5 13. Bg2 Nc6 14. 0-0 Bg4 15. c3 Qe6 16. cxd4 cxd4 17. Qd2 Bxf3 18. Rxf3 0-0-0 19. Raf1 Rd7 20. Qc2 Kb8 21. Rf4 Rc7 22. Re4 Qd6 23. Qd1 Rd8 24. Kh1 h6 25. a3 d3 26. Bxg7 Rxg7 27. exd3 Qxd3 28. Qc1 g5 29. Re6 Nd4 30. Re3 Qb5 31. a4 Qb4 32. Rd3 Rgd7 33. Qd1 a5 34. Qb1 g4 35. Rfd1 Rd6 36. Rf1 h5 37. Qb2 Re8 38. Qf2 Re2 39. Qf7 Re1 40. Rd1 Rxd1 41. Rxd1 Ka7 42. Qf4 Rd7 43. h3 Nf3 44. Qe3+ Nd4 45. Qe4 gxh3 46. Bxh3 Rd8 47. Bg2 Qb6 48. Rd3 Nc6 49. Rxd8 Qxd8 50. Qe2 Qd6 51. Qxh5 Qxg3 52. Qc5+ Ka6 53. Bf1+ 1-0